Actas del symposium: a los cinco años de la Evangelium vitae

Đã lưu trong:
Chi tiết về thư mục
Định dạng: Sách
Ngôn ngữ:Tiếng Tây Ban Nha
Được phát hành: Murcia Universidad Católica San Antonio 2002
Những chủ đề:
Các nhãn: Thêm thẻ
Không có thẻ, Là người đầu tiên thẻ bản ghi này!

MARC

LEADER 00000nam a2200000 a 4500
001 UCL1405
003 CL-VaPUC
005 20250108095056.0
008 030905e20020000sp 1 spa d
020 |a 8493047422 
082 0 4 |a 179.7  |b ACT  |2 21 
245 1 0 |a Actas del symposium: a los cinco años de la Evangelium vitae 
260 |a Murcia  |b Universidad Católica San Antonio  |c 2002 
300 |a 195 p 
583 |a last modification  |c 20190822 01:45:04  |k Rodrigo Vera 
650 0 0 |a Bioética  |9 256117 
650 0 0 |a Eutanasia  |9 255102 
650 0 0 |a Derechos humanos  |9 223025 
650 0 0 |a Sacramentos   |9 257270 
650 0 0 |a Antropología filosófica  |9 265842 
650 0 0 |a Medios de comunicación  |9 257206 
942 |c BK 
945 |a cmena  |d 20030905 00:00:00 
546 |a En Español 
536 |a Universidad Católica San Antonio 
518 |p Symposium Internacional de Bioética, 1, Murcia, 5 y 6 de mayo de 2000 
999 |c 383902  |d 383900 
952 |0 0  |1 0  |2 ddc  |4 0  |6 179_700000000000000_ACT_2002  |7 0  |8 A  |9 506221  |a BIBCUR  |b BIBCUR  |d 2020-01-23  |i 3937763  |o 179.7 ACT 2002  |p 3937763  |r 2025-04-22  |w 2020-01-23  |y BK  |k BCB